000 00300nam a2200109Ia 4500
008 220204s9999 xx 000 0 und d
082 _a658.115(1-772)
_bJON
245 0 _aPublic enterprise in less developed countries
260 _aLondon
_bCambridge University
_c1982
700 _aLeroy P
942 _cBK
999 _c37391
_d37391